Realizácia záťažových skúšok bicyklových rámov

Enregistré dans:
Détails bibliographiques
Auteur principal: Pavlovič, David (Auteur)
Autres auteurs: Šulko, Miroslav (Directeur de thèse)
Format: Manuscrit Livre
Langue:slovaque
Publié: 2023
Sujets:
Accès en ligne:http://is.stuba.sk/zp/portal_zp.pl?podrobnosti=170751
Tags: Ajouter un tag
Pas de tags, Soyez le premier à ajouter un tag!

MARC

LEADER 00000ntm a22000003a 4500
001 stuzp94775
003 SK-STU
005 20230909223138.1
007 ta
008 150427s2015----xo-----f-mn---000-0-slo-d
040 |a STU  |b slo 
041 0 |a slo 
100 1 |a Pavlovič, David  |u 020010  |4 aut  |U SjF Strojnícka fakulta  |T SjF Ústav aplikovanej mechaniky a mechatroniky  |X 98861  |U J0010  |Y 801  |7 98861 
242 0 1 |a Implementation of bicycle frame load tests  |y eng 
245 1 0 |a Realizácia záťažových skúšok bicyklových rámov 
260 |c 2023 
650 4 |a bicykel  |2 slo 
650 4 |a skúšky rámov  |2 slo 
650 4 |a prípravky pre upínanie rámov  |2 slo 
650 4 |a statická analýza  |2 slo 
650 4 |a bicycle  |2 eng 
650 4 |a frame tests  |2 eng 
650 4 |a preparations for clamping frames  |2 eng 
650 4 |a static analysis  |2 eng 
700 1 |a Šulko, Miroslav  |u 020010  |k Z1  |4 ths  |U SjF Strojnícka fakulta  |T SjF Ústav aplikovanej mechaniky a mechatroniky  |X 2207  |U J0010  |Y 801  |7 A000002207 
856 4 |u http://is.stuba.sk/zp/portal_zp.pl?podrobnosti=170751